День Шакала: [роман]; пер. с англ.

Bibliografiske detaljer
Hovedforfatter: Форсайт Ф. Фредерик
Andre forfattere: Вебер В. А. (переводчик)
Summary:Исключено из фонда НТБ ТПУ
Sprog:russisk
Udgivet: Москва, Политиздат, 1991
Format: MixedMaterials Bog
KOHA link:https://koha.lib.tpu.ru/cgi-bin/koha/opac-detail.pl?biblionumber=120605

MARC

LEADER 00000nam0a2200000 4500
001 120605
005 20231031125101.0
010 |a 5250017568 
020 |a RU  |b 91-27922 
035 |a (RuTPU)RU\TPU\book\130595 
090 |a 120605 
100 |a 20070903d1991 m y0rusy5003 ca 
101 1 |a rus  |c eng 
102 |a RU 
105 |a a z 000ay 
200 1 |a День Шакала  |e [роман]  |e пер. с англ.  |f Ф. Форсайт  |g пер. В. А. Вебер 
210 |a Москва  |c Политиздат  |d 1991 
215 |a 191,[1] с. 
333 |a Исключено из фонда НТБ ТПУ 
700 1 |a Форсайт  |b Ф.  |g Фредерик 
702 1 |a Вебер  |b В. А.  |4 730 
801 0 |a RU  |b RuMRKP  |c 19950417  |g psbo 
801 1 |a RU  |b 63413507  |c 20070903  |g PSBO 
801 2 |a RU  |b 63413507  |c 20220602  |g PSBO 
942 |c BK